| 000 | 03542nam a2200481 a 4500 | ||
|---|---|---|---|
| 001 | 000103440 | ||
| 003 | CHAP | ||
| 005 | 20250121113139.0 | ||
| 007 | cr ||||||a|c|a | ||
| 008 | 101122s2010 mx r 00010 spa d | ||
| 035 | _a111561 | ||
| 040 | _cCHAP | ||
| 090 | _aTesis | ||
| 100 | 1 |
_aPérez Alcázar, Reyna Catalina. _989498 |
|
| 245 | 1 | 3 |
_aLa migración dentro del sistema de vida campesino de los tzeltales de Aguacatenango, Chiapas _c/por Reyna Catalina Pérez Alcázar; director de tesis Raúl Andrés Pérez- Govas Garza. |
| 264 | 1 |
_aSan Cristobal de las Casas, Chis. : _bEl autor, _c2010. |
|
| 300 |
_a1 recurso en línea (192 páginas).: _bcuadros, figuras. |
||
| 336 |
_2rdacontent _atexto _btxt |
||
| 337 |
_2rdamedia _acomputadora _bc |
||
| 338 |
_2rdacarrier _arecursos en línea _bcr |
||
| 502 |
_bMCDRR _cDCRU _d2010. _gMAE |
||
| 520 | _aAguacatenango es una comunidad indígena tzeltal que mantiene costumbres y tradiciones apoyadas en el intercambio de bienes y servicios entre familias, en la reciprocidad y en el compadrazgo. Muestra una economía campesina basada en la producción familiar para satisfacer las necesidades de autoabasto de la unidad doméstica a través de la agricultura (cultivo de milpa de temporal, mano de obra familiar con uso elevado de agroquímicos), aunque su principal actividad generadora de ingresos es la venta foránea de fuerza de trabajo. La comunidad muestra un sistema de vida complejo que depende de la diversificación de estrategias. El objetivo fue identificar las causas de la migración, sus repercusiones económicas, el papel de cada uno de los miembros de la unidad doméstica y el impacto en el sistema de vida campesino. Se realizó un estudio de caso en Aguacatenango, comunidad tzeltal de Venustiano Carranza, Chiapas; se aplicó una metodología deductiva, con el apoyo de herramientas convencionales y participativas de investigación social. Los resultados muestran que los elementos del sistema de vida campesino no pueden ser analizados de forma independiente y simétrica. El esquema del pentágono de los sistemas de vida sostenibles puede utilizarse para analizar los recursos: humano, social, natural, físico y financiero de la unidad doméstica. Un elemento importante es el recurso financiero, que se convierte en el motor de la economía campesina a través de la migración; como impacto positivo genera el mayor porcentaje de los ingresos de la familia, pero trae como consecuencia negativa la inestabilidad al interior de la familia, y la dependencia de la unidad doméstica del mercado de trabajo foráneo y de las redes sociales. | ||
| 590 |
_aALEPH _b10 _c20130110 |
||
| 590 |
_aBATCH-UPD _b10 _c20130110 |
||
| 590 |
_aBATCH-UPD _b10 _c20130410 |
||
| 590 |
_aBATCH-UPD _b10 _c20130914 |
||
| 590 |
_aBATCH-UPD _b10 _c20140324 |
||
| 590 |
_aBATCH-UPD _b10 _c20141002 |
||
| 590 |
_aCONVERSION _b10 _c20130109 |
||
| 590 |
_aE11695DGD _b10 _c20130319 |
||
| 650 | 1 | 4 |
_aCampesinado _xChiapas. _918001 |
| 650 | 1 | 4 |
_aComunidades rurales. _926254 |
| 650 | 1 | 4 |
_aMigración rural. _975609 |
| 650 | 1 | 4 |
_aVida rural. _9119152 |
| 700 | 1 |
_aPérez-Grovas Garza, Raúl Andrés _990133 _eDirector de tesis. |
|
| 856 |
_uhttp://10.13.5.2/tesis/111561.pdf _zDESCARGAR PDF |
||
| 901 | _aBK | ||
| 942 |
_cTD _2Clasificación Universidad Autónoma Chapingo |
||
| 949 |
_aTesis _bBC _cTES _d33724002222446 _eTS1 _gDonaciØn _h51494 _i111561 _sb |
||
| 949 |
_aTesis _bBC _cTES _d33724002222561 _eTS2 _fc.2 _gDonaciØn _h51495 _i111561 _sb |
||
| 999 |
_c99903 _d99903 |
||